000 00687nam a22001817a 4500
005 20250729101107.0
008 250728b |||||||| |||| 00| 0 eng d
020 _a978-0-367-36207-2
050 _aBD175 .K596 2020
100 _aSANTOS, BOAVENTURA DE SOUSE
245 _aKNOWLEDGE BORN IN THE STRUGGLE: CONSTRUCTING THE EPISTEMOLOGIES OF THE GLOBAL SOUTH
260 _aNEW YORK,NY
_bROUTLEDGE
_c2020
300 _aXLIII,253P.
500 _aINCLUDES BIBLIOGRAPHICAL REFERENCES AND INDEX
650 _a 1. EPISTEMOLOGIES-GLOBAL SOUTH 2. KNOWLEDGE,THEORY OF 3. SOCIOLOGY-PHILOSOPHY-GLOBAL SOUTH 4. DECOLONIZATION-GLOBAL SOUTH
700 _aMENESES, MARIA PAULA
942 _2lcc
_cBK
999 _c215969
_d215969